[Event "Antioquia Region-ch C"]
[Site "Medellin"]
[Date "2011.??.??"]
[Round "7.10"]
[White "Zapata, William"]
[Black "Sanchez, German Rodolfo"]
[Result "1-0"]
[WhiteElo "1654"]
[BlackElo "1612"]
[PlyCount "70"]
[EventDate "2011.03.03"]
[EventType "swiss"]
[EventRounds "7"]
[EventCountry "COL"]
[SourceTitle "EXT 2024"]
[Source "ChessBase"]
[SourceDate "2023.10.10"]
[SourceVersion "1"]
[SourceVersionDate "2023.10.10"]
[SourceQuality "1"]

1. e4 e5 2. Nf3 Nc6 3. d4 exd4 4. Bc4 h6 5. Nxd4 Nxd4 6. Qxd4 Ne7 7. Nc3 d6 8. Be3 Nc6 9. Qd2 Be7 10. h3 Bf6 11. 0-0-0 Be6 12. Bd5 Nb4 13. a3 Nxd5 14. Nxd5 Bxd5 15. Qxd5 0-0 16. g4 Qe7 17. Rhe1 Qe5 18. c3 Qxd5 19. Rxd5 Rfe8 20. f3 Re5 21. Rd3 Rae8 22. Rd4 R5e6 23. Rd3 Bg5 24. Kd2 Bxe3+ 25. Rdxe3 g6 26. Kd3 Kg7 27. f4 Re5 28. f5 gxf5 29. g5 a5 30. a4 c5 31. h4 Kg6 32. Kc2 h5 33. b4 axb4 34. cxb4 cxb4 35. Kb3 R5e6 1-0

[Event "Medellin Region 1601/1800"]
[Site "Medellin"]
[Date "2010.03.02"]
[Round "7.12"]
[White "Sanchez, German Rodolfo"]
[Black "Restrepo, Hugo"]
[Result "0-1"]
[WhiteElo "1600"]
[BlackElo "1746"]
[PlyCount "39"]
[EventDate "2010.02.17"]
[EventType "swiss"]
[EventRounds "7"]
[EventCountry "COL"]
[SourceTitle "EXT 2024"]
[Source "ChessBase"]
[SourceDate "2023.10.10"]
[SourceVersion "1"]
[SourceVersionDate "2023.10.10"]
[SourceQuality "1"]

1. e4 c5 2. Nf3 e6 3. d4 cxd4 4. Qxd4 Nc6 5. Qd1 Nf6 6. Bd3 d5 7. exd5 exd5 8. Bg5 Qb6 9. b3 Bb4+ 10. Nfd2 h6 11. Bh4 Qd4 12. c3 Qxh4 13. cxb4 Qd4 14. b5 Ne5 15. 0-0 Qxa1 16. Be4 dxe4 17. Re1 0-0 18. Qg4 Bf5 19. Rf1 Rfe8 20. Nf3 0-1

[Event "Medellin Region 1601/1800"]
[Site "Medellin"]
[Date "2010.03.01"]
[Round "6.16"]
[White "Sanchez, German Rodolfo"]
[Black "Escobar Castaneda, Daniel"]
[Result "1-0"]
[WhiteElo "1600"]
[BlackElo "1781"]
[PlyCount "65"]
[EventDate "2010.02.17"]
[EventType "swiss"]
[EventRounds "7"]
[EventCountry "COL"]
[SourceTitle "EXT 2024"]
[Source "ChessBase"]
[SourceDate "2023.10.10"]
[SourceVersion "1"]
[SourceVersionDate "2023.10.10"]
[SourceQuality "1"]

1. e4 e5 2. Nf3 d6 3. h3 Be7 4. d4 Nd7 5. d5 Ngf6 6. Bd3 Nc5 7. c4 0-0 8. Nc3 h6 9. Bc2 Nh7 10. Ne2 f5 11. exf5 Bxf5 12. Bxf5 Rxf5 13. Ng3 Rf7 14. 0-0 Qd7 15. Be3 b6 16. b4 Na6 17. Qd2 Raf8 18. Nh2 Bh4 19. Ne4 Nf6 20. Nxf6+ Bxf6 21. a3 Qf5 22. Qe2 Bg5 23. Bxg5 Qxg5 24. c5 Nb8 25. c6 a6 26. a4 Qf4 27. b5 a5 28. Qe3 Qf5 29. Ra3 Qg6 30. Qd2 Rf5 31. Rg3 Rxf2 32. Qxf2 Rxf2 33. Rxg6 1-0

[Event "Medellin Region 1601/1800"]
[Site "Medellin"]
[Date "2010.02.17"]
[Round "1.5"]
[White "Uribe Roman, Alejandro"]
[Black "Sanchez, German Rodolfo"]
[Result "1/2-1/2"]
[WhiteElo "1718"]
[BlackElo "1600"]
[PlyCount "99"]
[EventDate "2010.02.17"]
[EventType "swiss"]
[EventRounds "7"]
[EventCountry "COL"]
[SourceTitle "EXT 2024"]
[Source "ChessBase"]
[SourceDate "2023.10.10"]
[SourceVersion "1"]
[SourceVersionDate "2023.10.10"]
[SourceQuality "1"]

1. e4 e5 2. Nf3 Nc6 3. Bb5 d6 4. c3 Bd7 5. d3 a6 6. Ba4 Nf6 7. Nbd2 h6 8. Nf1 Be7 9. Ng3 b5 10. Bc2 Be6 11. 0-0 d5 12. Qe2 dxe4 13. dxe4 Bd6 14. a4 Rb8 15. Nf5 Bxf5 16. exf5 Nd7 17. b4 Qf6 18. axb5 axb5 19. Bd3 Ne7 20. g4 c6 21. g5 hxg5 22. Bxg5 e4 23. Bxf6 exf3 24. Qxf3 gxf6 25. Rfe1 Ne5 26. Qe4 Kd7 27. Ra7+ Bc7 28. f4 Rbg8+ 29. Kh1 Kc8 30. Rxc7+ Kxc7 31. fxe5 Nd5 32. Qd4 fxe5 33. Rxe5 Rh3 34. Bxb5 Rxc3 35. Qa7+ Kd6 36. Rxd5+ cxd5 37. Qd7+ Ke5 38. Qe7+ Kf4 39. Qh4+ Rg4 40. Qf2+ Ke4 41. Qe1+ Re3 42. Qb1+ Ke5 43. Bd7 Rge4 44. Kg2 d4 45. b5 Rg4+ 46. Kf2 Rf4+ 47. Kg2 Rg4+ 48. Kf2 Rf4+ 49. Kg2 Rg4+ 50. Kf2 1/2-1/2

[Event "COL-ch Antioquia Novato"]
[Site "Medellin"]
[Date "2010.??.??"]
[Round "6.6"]
[White "Sanchez, German Rodolfo"]
[Black "Galindo Guzman, Antonio"]
[Result "0-1"]
[WhiteElo "1600"]
[BlackElo "1577"]
[PlyCount "72"]
[EventDate "2010.01.26"]
[EventType "tourn"]
[EventRounds "7"]
[EventCountry "COL"]
[SourceTitle "EXT 2024"]
[Source "ChessBase"]
[SourceDate "2023.10.10"]
[SourceVersion "1"]
[SourceVersionDate "2023.10.10"]
[SourceQuality "1"]

1. e4 e5 2. Nf3 Nc6 3. d4 exd4 4. Nxd4 Qf6 5. Nxc6 Qxc6 6. Nc3 Nf6 7. Bd3 Bb4 8. Bd2 0-0 9. 0-0 Bxc3 10. Bxc3 Nxe4 11. Bxe4 Qxe4 12. Re1 Qg6 13. Re3 f6 14. Rg3 Qf7 15. Qf3 d5 16. Re1 Be6 17. Bb4 Rfe8 18. Bc3 Kh8 19. h3 c5 20. b3 d4 21. Bb2 Bd5 22. Rxe8+ Rxe8 23. Qf5 b5 24. c4 bxc4 25. bxc4 Bxc4 26. Qxc5 d3 27. Bc3 h5 28. a3 Rd8 29. Bd2 a6 30. Re3 Rd7 31. Re4 Rc7 32. Re8+ Kh7 33. Qf5+ g6 34. Qe4 Bb5 35. Qe3 Qxe8 36. Qxe8 Bxe8 0-1